| 000 | 01278cam a2200337 i 4500 | ||
|---|---|---|---|
| 001 | 67286 | ||
| 003 | Mx-PuUPA | ||
| 005 | 20250825102707.0 | ||
| 008 | 170504s2002 mx gr 000 0 spa d | ||
| 020 | _a9681505123 | ||
| 040 |
_erda _aMx-PuUPA _bspa _cMx-PuUPA _dMx-PuUPA |
||
| 041 | 1 |
_aspa _hund |
|
| 100 | 1 |
_aNietzsche, Friedrich Wilhelm, _d1844-1900 _eautor _97860 |
|
| 245 | 1 | 3 |
_aLa gaya ciencia / _cFederico Nietzsche |
| 250 |
_a4a. edición / _benero |
||
| 264 | 1 |
_aMéxico : _bEditores Mexicanos Unidos, _c1994 |
|
| 300 |
_a343 páginas ; _c19 cm |
||
| 336 |
_atexto _2rdacontent _btxt |
||
| 337 |
_asin medio _2rdamedia _bn |
||
| 338 |
_avolumen _2rdacarrier _bnc |
||
| 500 | _aEl código de barras 95333 dice "Edición 2002". Debe ser reimpresión. En esta reimpresión no se menciona el traductor. Su portada es diferente con respecto al ejemplar 47158. | ||
| 650 | 7 |
_2armarc _aFilosofía |
|
| 700 | 1 |
_aGaniz, Roberto, _etraductor |
|
| 942 |
_2ddc _cLI _h121 _iN66 |
||
| 999 |
_c67286 _d67286 |
||